Movies by Mask II Quiz Stats

 Plays Quiz Updated May 5, 2012

Also try: Movies by Mask
Challenge
Share
Tweet
Score 0/25 Timer 08:00
5 Plays Today
Column Movie % Correct
The Incredibles
96%
Batman Begins
70.6%
Predator
69.3%
Daredevil
67.5%
Fantastic Four
57.9%
The Green Hornet
51.8%
300
49.7%
A Clockwork Orange
48.8%
Total Recall
47.1%
Watchmen
44.7%
Pulp Fiction
35%
The Elephant Man
34.2%
Hellboy
33.2%
Column Movie % Correct
30 Minutes or Less
32.1%
Teenage Mutant Ninja Turtles
31%
The Texas Chainsaw Massacre
27.6%
Megamind
27.5%
The Strangers
18.9%
Amadeus
18.7%
Darkman
18.4%
Heat
17.1%
The Shining
16.9%
Æon Flux
16.8%
Blankman
15.9%
Kingdom of Heaven
14.6%

You're not logged in!

Compare scores with friends on all Sporcle quizzes.
Join for Free
OR
Log In

You Might Also Like...

Show Comments

Extras

Top Quizzes Today


Score Distribution

Your Account Isn't Verified!

In order to create a playlist on Sporcle, you need to verify the email address you used during registration. Go to your Sporcle Settings to finish the process.

Report this User

Report this user for behavior that violates our Community Guidelines.

Details: